słówkaniemieckie - Statystyki

Ogólne statystyki
  • Ten quiz został rozwiązany 4 razy
  • Średni wynik to 14 z 27
Statystyki odpowiedzi
Hint Odpowiedź % Poprawnych
gorzki bitter
100%
wychodzić w weekend Am Wochenende ausgehen
50%
bać się Angst haben
50%
obraz das Bild
50%
wiersz das Gedicht
50%
telefon komórkowy das Handy
50%
pianino das Klavier
50%
piosenka das Lied
50%
perkusja das Schlagzeug
50%
film dokumentalny der Dokumentarfilm
50%
telewizor der Fernseher
50%
powieść der Roman
50%
skrzypce die Geige
50%
gitara die Gitarre
50%
zarezerwować bilety w internecie die Karten im Internet reservieren
50%
sztuka die Kunst
50%
prasa die Presse
50%
serial die Serie
50%
napięcie die Spannung
50%
gazeta die Zeitung
50%
organizować wystawę eine Ausstellung organisieren
50%
oglądać film einen Film sehen
50%
iść na koncert ins Konzert gehen
50%
mieć ochotę Lust haben
50%
interesować się sztuką sich fur Kunst interessieren
50%
prawdziwy wahr
50%
bilet wstępu die Eintrittskarte
0%
Nie znaleziono quizów pasujących do podanych kryteriów
Rozkład punktacji
Procent ludzi z każdym wynikiem
Percentyl według liczby udzielonych odpowiedzi
Twoja historia wyników
Nie rozwiązałeś tego quizu